Niezapomniane Jedenastki #18: Belgia 2018 - Statystyki

Ogólne statystyki
  • Ten quiz został rozwiązany 104 razy
  • Średni wynik to 8 z 11
Statystyki odpowiedzi
Pozycja Klub Zawodnik % Poprawnych
ŚPO Man City Kevin De Bruyne
97%
N Man United Romelu Lukaku
94%
LS Chelsea Eden Hazard
93%
BR Chelsea Thibaut Courtois
92%
ŚO Man City Vincent Kompany
88%
ŚO Tottenham Jan Vertonghen
81%
ŚPD Man United Marouane Fellaini
77%
ŚO Tottenham Toby Alderweireld
66%
PO Paris SG Thomas Meunier
60%
ŚPD Tianjin Axel Witsel
51%
LO West Brom Nacer Chadli
28%
Nie znaleziono quizów pasujących do podanych kryteriów
Rozkład punktacji
Procent ludzi z każdym wynikiem
Percentyl według liczby udzielonych odpowiedzi
Twoja historia wyników
Nie rozwiązałeś tego quizu